[Event "Hervest-Dorstener SK 1 - SV Sterkrade-N"]
[Site "Verbandsklasse - Gruppe 3 202"]
[Date "2022.03.06"]
[Round "6.5"]
[White "Schocke, Mark"]
[Black "Hater, Norbert"]
[Result "0-1"]
[WhiteElo "1713"]
[BlackElo "1858"]
[PlyCount "40"]
[EventDate "2022.??.??"]
[WhiteTeam "SV Sterkrade-Nord 2"]
[BlackTeam "Hervest-Dorstener SK 1"]

1. c4 g6 2. Nf3 Bg7 3. d4 d6 4. g3 Nc6 5. Bg2 e5 6. dxe5 Nxe5 7. Nxe5 Bxe5 8.
O-O Bg7 9. Nc3 Ne7 10. e4 O-O 11. Be3 Be6 12. Qe2 Nc6 13. Rac1 Qc8 14. Nd5 Re8
15. Qd2 Ne5 16. c5 dxc5 17. Rxc5 c6 18. Bg5 Qd7 19. Nb4 Qxd2 20. Bxd2 a5 0-1

[Event "Hervest-Dorstener SK 1 - SV Sterkrade-N"]
[Site "Verbandsklasse - Gruppe 3 202"]
[Date "2022.03.06"]
[Round "6.6"]
[White "Buesken, Klaus"]
[Black "Wachsmuth, Guenter"]
[Result "1/2-1/2"]
[WhiteElo "1834"]
[BlackElo "1670"]
[PlyCount "34"]
[EventDate "2022.??.??"]
[WhiteTeam "Hervest-Dorstener SK 1"]
[BlackTeam "SV Sterkrade-Nord 2"]

1. Nf3 c5 2. b3 Nc6 3. Bb2 e6 4. c4 Nf6 5. g3 d5 6. cxd5 exd5 7. Bg2 Be7 8. O-O
O-O 9. d4 Ne4 10. dxc5 Bxc5 11. e3 Bg4 12. h3 Be6 13. Nc3 f5 14. Nb5 a6 15.
Nbd4 Nxd4 16. Nxd4 Qd6 17. Rc1 Rac8 1/2-1/2

[Event "Hervest-Dorstener SK 1 - SV Sterkrade-N"]
[Site "Verbandsklasse - Gruppe 3 202"]
[Date "2022.03.06"]
[Round "6.7"]
[White "Spoden, Kurt"]
[Black "Kudsin, Alexander"]
[Result "1-0"]
[WhiteElo "1768"]
[BlackElo "1794"]
[PlyCount "101"]
[EventDate "2022.??.??"]
[WhiteTeam "SV Sterkrade-Nord 2"]
[BlackTeam "Hervest-Dorstener SK 1"]

1. c4 f5 2. Nf3 Nf6 3. Nc3 e6 4. a3 b6 5. d4 Bb7 6. d5 Na6 7. Nd4 c5 8. dxc6
Bxc6 9. Nxc6 dxc6 10. Qa4 Qc8 11. b4 Be7 12. g3 Nb8 13. Bg2 Nfd7 14. Qc2 a5 15.
b5 Ra7 16. e4 O-O 17. exf5 exf5 18. bxc6 Nxc6 19. Nd5 Bc5 20. O-O Nd4 21. Qd1
Nf6 22. Bb2 Nxd5 23. Bxd5+ Ne6 24. Re1 Re7 25. Rxe6 Rxe6 26. Qe2 Rfe8 27. Re1
Kf7 28. Qe5 R8e7 29. Qxg7+ Ke8 30. Qg8+ Kd7 31. Bxe6+ Rxe6 32. Qxe6+ Kc7 33.
Qxc8+ Kxc8 34. Re8+ Kd7 35. Rh8 f4 36. Rxh7+ Ke6 37. Rh5 fxg3 38. hxg3 a4 39.
Rxc5 bxc5 40. f4 Kf5 41. Kg2 Ke4 42. Bg7 Kd3 43. f5 Kxc4 44. f6 Kb3 45. Bf8 c4
46. f7 c3 47. Bh6 Kxa3 48. f8=Q+ Ka2 49. Qb4 c2 50. Bc1 a3 51. Qxa3+ 1-0

[Event "SV Wattenscheid 3 - SV Recklinghausen-S"]
[Site "Verbandsklasse - Gruppe 3 202"]
[Date "2022.03.06"]
[Round "6.1"]
[White "Callenberg, Ralf"]
[Black "Thelen, Thomas"]
[Result "0-1"]
[WhiteElo "2033"]
[BlackElo "2061"]
[PlyCount "90"]
[EventDate "2022.??.??"]
[WhiteTeam "SV Recklinghausen-Süd 1"]
[BlackTeam "SV Wattenscheid 3"]

1. c4 c5 2. g3 Nf6 3. Bg2 e6 4. e4 d6 5. Nc3 a6 6. Nge2 Be7 7. O-O O-O 8. d4
cxd4 9. Nxd4 Qc7 10. Qe2 Bd7 11. Nc2 Nc6 12. b3 Rac8 13. Bb2 Rfe8 14. Rad1 Qb8
15. Ne3 Ne5 16. f4 Ng6 17. f5 Ne5 18. Bh3 b5 19. fxe6 fxe6 20. cxb5 axb5 21.
Ng4 Nfxg4 22. Bxg4 b4 23. Na4 Bf6 24. Bh5 Rf8 25. Qd2 Bxa4 26. bxa4 Nc4 27.
Rxf6 Nxd2 28. Rxf8+ Rxf8 29. Rxd2 Qa7+ 30. Bd4 Qxa4 31. Bg4 Re8 32. Bd1 Qc6 33.
Bc2 Ra8 34. e5 dxe5 35. Bxe5 Qc5+ 36. Bd4 Qc4 37. Bb3 Qa6 38. Bc5 Re8 39. Rd6
Qb5 40. Be3 Qe5 41. Bf4 Qc5+ 42. Kf1 g5 43. Rxe6 Rxe6 44. Bxe6+ Kg7 45. Bd2 Qd6
0-1

[Event "SV Wattenscheid 3 - SV Recklinghausen-S"]
[Site "Verbandsklasse - Gruppe 3 202"]
[Date "2022.03.06"]
[Round "6.2"]
[White "Meyer, Juergen"]
[Black "Mecklenburg, Roland"]
[Result "1-0"]
[WhiteElo "1857"]
[BlackElo "1976"]
[PlyCount "85"]
[EventDate "2022.??.??"]
[WhiteTeam "SV Wattenscheid 3"]
[BlackTeam "SV Recklinghausen-Süd 1"]

1. d4 Nf6 2. Nf3 b6 3. g3 Bb7 4. Bg2 d6 5. O-O Nbd7 6. c4 e5 7. dxe5 dxe5 8.
Qa4 Bd6 9. Nxe5 Bxg2 10. Nxd7 Qxd7 11. Qxd7+ Kxd7 12. Kxg2 Rhe8 13. Nc3 c6 14.
f3 Bb4 15. Rd1+ Ke6 16. e4 Bxc3 17. bxc3 h6 18. Be3 Red8 19. Kf2 Ne8 20. c5 b5
21. Bd4 a5 22. a3 Rd7 23. Rd2 Rb8 24. Rb1 Rdb7 25. f4 f5 26. Be5 Rc8 27. exf5+
Kxf5 28. Kf3 Nf6 29. Bxf6 Kxf6 30. Rd4 Kf7 31. Rbd1 Rcc7 32. g4 Re7 33. h4 Rb8
34. Rd7 Rbe8 35. f5 Rxd7 36. Rxd7+ Kf6 37. Rd6+ Ke5 38. Rxc6 Kd5 39. Re6 Rc8
40. c6 Kc4 41. Ke4 Rc7 42. g5 hxg5 43. hxg5 1-0

[Event "SV Wattenscheid 3 - SV Recklinghausen-S"]
[Site "Verbandsklasse - Gruppe 3 202"]
[Date "2022.03.06"]
[Round "6.3"]
[White "Parado, Dominador"]
[Black "Thon, Manfred"]
[Result "1/2-1/2"]
[WhiteElo "1902"]
[BlackElo "1837"]
[PlyCount "38"]
[EventDate "2022.??.??"]
[WhiteTeam "SV Recklinghausen-Süd 1"]
[BlackTeam "SV Wattenscheid 3"]

1. Nf3 c5 2. g3 Nf6 3. Bg2 g6 4. O-O Bg7 5. d3 O-O 6. Bg5 h6 7. Bd2 d5 8. Qc1
Kh7 9. Na3 Nc6 10. Re1 e5 11. e4 dxe4 12. dxe4 Qe7 13. h3 Be6 14. Nh4 Rad8 15.
Be3 Qd7 16. Nb5 Nd4 17. Nxa7 b6 18. c3 Qxa7 19. cxd4 cxd4 1/2-1/2

[Event "SV Wattenscheid 3 - SV Recklinghausen-S"]
[Site "Verbandsklasse - Gruppe 3 202"]
[Date "2022.03.06"]
[Round "6.4"]
[White "Wolf, Ulrich"]
[Black "Hoefker, Mathias"]
[Result "1/2-1/2"]
[WhiteElo "1998"]
[BlackElo "2073"]
[PlyCount "41"]
[EventDate "2022.??.??"]
[WhiteTeam "SV Wattenscheid 3"]
[BlackTeam "SV Recklinghausen-Süd 1"]

1. Nf3 Nf6 2. c4 c5 3. b3 g6 4. Bb2 Bg7 5. d3 O-O 6. g3 b6 7. Bg2 Bb7 8. O-O d5
9. cxd5 Nxd5 10. Bxg7 Kxg7 11. Qc2 Nc6 12. Qb2+ Kg8 13. a3 Qd6 14. Nbd2 f6 15.
Rfd1 e5 16. Rac1 Rad8 17. Ne4 Qe7 18. Nc3 Nxc3 19. Qxc3 Kg7 20. Rb1 a5 21. e3
1/2-1/2

[Event "SV Wattenscheid 3 - SV Recklinghausen-S"]
[Site "Verbandsklasse - Gruppe 3 202"]
[Date "2022.03.06"]
[Round "6.5"]
[White "Stahlhofen, Thomas"]
[Black "Schlee, Ulrich"]
[Result "1/2-1/2"]
[WhiteElo "1802"]
[BlackElo "1779"]
[PlyCount "86"]
[EventDate "2022.??.??"]
[WhiteTeam "SV Recklinghausen-Süd 1"]
[BlackTeam "SV Wattenscheid 3"]

1. e4 e5 2. Nf3 Nc6 3. Bb5 a6 4. Ba4 Nf6 5. O-O Be7 6. Re1 b5 7. Bb3 d6 8. c3
Na5 9. Bc2 c5 10. d4 Qc7 11. a4 b4 12. cxb4 cxb4 13. Nbd2 Bd7 14. Bd3 O-O 15.
Nf1 Nb7 16. a5 Bb5 17. Bxb5 axb5 18. a6 Rfb8 19. Bd2 Na5 20. Bxb4 Rxa6 21. Re3
Raa8 22. Rea3 Nxe4 23. Qe1 Qc2 24. Rxa5 Rxa5 25. Rxa5 Rc8 26. dxe5 Bd8 27. Rxb5
Qc4 28. exd6 Qxb5 29. Qxe4 Bb6 30. Bc3 Re8 31. Qg4 g6 32. Nd4 Qd3 33. d7 Re4
34. Qf3 Rxd4 35. Qa8+ Kg7 36. d8=Q Bxd8 37. Qxd8 Qxc3 38. bxc3 Rxd8 39. Ne3 Rd3
40. c4 Rc3 41. g4 f6 42. h4 Kf7 43. Kg2 Ke6 1/2-1/2

[Event "SV Wattenscheid 3 - SV Recklinghausen-S"]
[Site "Verbandsklasse - Gruppe 3 202"]
[Date "2022.03.06"]
[Round "6.6"]
[White "Kotulla, Guenter"]
[Black "Nguyen, Heinrich"]
[Result "1/2-1/2"]
[WhiteElo "1717"]
[BlackElo "1181"]
[PlyCount "43"]
[EventDate "2022.??.??"]
[WhiteTeam "SV Wattenscheid 3"]
[BlackTeam "SV Recklinghausen-Süd 1"]

1. e4 c5 2. Nf3 d6 3. d4 cxd4 4. Nxd4 Nf6 5. Nc3 a6 6. Bc4 e6 7. O-O Qc7 8. Bb3
Nbd7 9. Be3 b5 10. f3 Be7 11. Qd2 O-O 12. Rac1 Nb6 13. Rfd1 Bb7 14. Qf2 Nc4 15.
Bxc4 bxc4 16. b3 d5 17. exd5 Nxd5 18. Nxd5 Bxd5 19. Ne2 Bd6 20. Qh4 Ba3 21. Rb1
cxb3 22. cxb3 1/2-1/2

[Event "SV Wattenscheid 3 - SV Recklinghausen-S"]
[Site "Verbandsklasse - Gruppe 3 202"]
[Date "2022.03.06"]
[Round "6.7"]
[White "Bleich, Karl-Heinz"]
[Black "Kasprowski, Henryk"]
[Result "0-1"]
[WhiteElo "1473"]
[BlackElo "1635"]
[PlyCount "98"]
[EventDate "2022.??.??"]
[WhiteTeam "SV Recklinghausen-Süd 1"]
[BlackTeam "SV Wattenscheid 3"]

1. d4 Nf6 2. c4 e6 3. Nc3 Bb4 4. Qc2 d5 5. a3 Bxc3+ 6. Qxc3 O-O 7. Bg5 Nbd7 8.
Nf3 b6 9. cxd5 exd5 10. e3 Bb7 11. Bd3 c5 12. O-O Rc8 13. Qd2 h6 14. Bh4 Qe8
15. Bxf6 Nxf6 16. Rac1 Ne4 17. Qe2 c4 18. Bb1 b5 19. Qc2 a5 20. Nd2 f5 21. Rce1
b4 22. Nxe4 fxe4 23. f3 Qb5 24. fxe4 Rxf1+ 25. Rxf1 dxe4 26. Qf2 c3 27. bxc3
bxc3 28. Qf7+ Kh8 29. Qf2 Qb2 30. Bc2 Qxa3 31. Qf5 Qb2 32. Bxe4 Bxe4 33. Qxc8+
Kh7 34. Qg4 Bd3 35. h4 c2 36. e4 Qxd4+ 37. Kh1 Bxf1 38. Qf5+ g6 39. Qf7+ Kh8
40. Qf8+ Kh7 41. Qf7+ Qg7 42. Qxf1 Qc7 43. Qc1 a4 44. e5 a3 45. e6 a2 46. e7
a1=Q 47. Qxa1 c1=Q+ 48. Qxc1 Qxc1+ 49. Kh2 Qe3 0-1

[Event "Bochumer SV 3 - SW Oberhausen 1"]
[Site "Verbandsklasse - Gruppe 3 202"]
[Date "2022.03.06"]
[Round "6.1"]
[White "Puetter, Pascal"]
[Black "Birkemeyer, Jan"]
[Result "1-0"]
[WhiteElo "1980"]
[BlackElo "1625"]
[PlyCount "73"]
[EventDate "2022.??.??"]
[WhiteTeam "SW Oberhausen 1"]
[BlackTeam "Bochumer SV 3"]

1. d4 d5 2. c4 e6 3. Nf3 c5 4. cxd5 exd5 5. g3 Nc6 6. Bg2 Nf6 7. O-O Be6 8. Nc3
Be7 9. dxc5 Bxc5 10. Na4 Bb6 11. Bg5 O-O 12. Nxb6 axb6 13. Nd4 h6 14. Be3 Re8
15. h3 Ne5 16. b3 Ne4 17. Nxe6 Rxe6 18. Bd4 Qg5 19. Qc1 Qe7 20. Qb2 h5 21. Rad1
h4 22. Bxe5 Rxe5 23. g4 Re8 24. Rd4 b5 25. Rfd1 Nxf2 26. R1d2 Ne4 27. Bxe4 dxe4
28. Rd7 Qc5+ 29. Qd4 Qc1+ 30. Rd1 Qg5 31. Rd8 e3 32. Qd7 Kf8 33. Qd6+ Kg8 34.
Qd7 Kf8 35. Qd6+ Qe7 36. Rxe8+ Kxe8 37. Qb8+ 1-0

[Event "Bochumer SV 3 - SW Oberhausen 1"]
[Site "Verbandsklasse - Gruppe 3 202"]
[Date "2022.03.06"]
[Round "6.3"]
[White "Kyas, Jens-Stefan"]
[Black "Abdullayev, Elchin"]
[Result "1-0"]
[WhiteElo "1860"]
[BlackElo "1873"]
[PlyCount "107"]
[EventDate "2022.??.??"]
[WhiteTeam "SW Oberhausen 1"]
[BlackTeam "Bochumer SV 3"]

1. f4 c5 2. Nf3 d5 3. e3 Nf6 4. d4 Bg4 5. c3 e6 6. Bd3 Nc6 7. O-O Bd6 8. Qe1
O-O 9. Nbd2 cxd4 10. Nxd4 e5 11. Nxc6 bxc6 12. fxe5 Bxe5 13. Qh4 h5 14. h3 Be6
15. Nf3 Bc7 16. Ng5 Re8 17. Bd2 Qd6 18. Rxf6 gxf6 19. Nh7 Qh2+ 20. Kf2 Be5 21.
Nxf6+ Bxf6 22. Qxf6 Bxh3 23. Bh7+ Kf8 24. Qh6+ Ke7 25. Qg5+ Kd7 26. e4 Re5 27.
Qg7 Be6 28. Qf6 dxe4 29. Bf4 e3+ 30. Bxe3 Bd5 31. Bf5+ Kc7 32. Bh3 Rxe3 33.
Kxe3 Qg3+ 34. Kd2 Rd8 35. Qe7+ Rd7 36. Qxd7+ Kb6 37. Qd8+ Ka6 38. Bc8+ Kb5 39.
a4+ Kc4 40. Ba6+ Kb3 41. Qf6 Qxg2+ 42. Be2 Bc4 43. Re1 Kxb2 44. Qf5 Bb3 45.
Qb1+ Ka3 46. Qa1+ Ba2 47. Qc1+ Kxa4 48. Qc2+ Ka3 49. Qf5 Qd5+ 50. Qxd5 Bxd5 51.
Bxh5 Kb2 52. Re7 a6 53. Bxf7 Be4 54. Rxe4 1-0

[Event "Bochumer SV 3 - SW Oberhausen 1"]
[Site "Verbandsklasse - Gruppe 3 202"]
[Date "2022.03.06"]
[Round "6.5"]
[White "Holl, Michael"]
[Black "Candogan, Yavus"]
[Result "0-1"]
[WhiteElo "1761"]
[BlackElo "1752"]
[PlyCount "56"]
[EventDate "2022.??.??"]
[WhiteTeam "SW Oberhausen 1"]
[BlackTeam "Bochumer SV 3"]

1. e4 c5 2. c4 Nc6 3. Ne2 Nf6 4. Nbc3 e5 5. g3 Be7 6. Bg2 O-O 7. O-O d6 8. d3
Rb8 9. h3 a6 10. f4 exf4 11. gxf4 Bd7 12. Be3 Qc8 13. Kh2 b5 14. Qd2 Bd8 15.
Bf2 Re8 16. Nd5 bxc4 17. Nec3 cxd3 18. Qxd3 Rxb2 19. Rab1 Rxb1 20. Rxb1 h6 21.
Ne3 Nd4 22. Nc4 Bc7 23. Bxd4 cxd4 24. Qxd4 Be6 25. Ne3 Nh5 26. Ncd5 Bxd5 27.
Nxd5 Bd8 28. Bf3 Qc2+ 0-1

[Event "Bochumer SV 3 - SW Oberhausen 1"]
[Site "Verbandsklasse - Gruppe 3 202"]
[Date "2022.03.06"]
[Round "6.6"]
[White "Hartenberg, Yannick"]
[Black "Hellmann, Thomas"]
[Result "0-1"]
[WhiteElo "1671"]
[BlackElo "1779"]
[PlyCount "44"]
[EventDate "2022.??.??"]
[WhiteTeam "Bochumer SV 3"]
[BlackTeam "SW Oberhausen 1"]

1. e4 d6 2. d4 Nf6 3. Nc3 e5 4. dxe5 dxe5 5. Qxd8+ Kxd8 6. Bc4 Be6 7. Bb3 Nbd7
8. Bd2 Bxb3 9. axb3 a6 10. Nge2 Bd6 11. O-O Nc5 12. Ng3 Ne6 13. Nb5 g6 14. Rfd1
Ke7 15. Nxd6 cxd6 16. Bb4 Rhd8 17. Ra5 Nc5 18. f3 Ne8 19. Kf2 b6 20. Raa1 Nc7
21. Rd2 a5 22. Rad1 axb4 0-1

[Event "Bochumer SV 3 - SW Oberhausen 1"]
[Site "Verbandsklasse - Gruppe 3 202"]
[Date "2022.03.06"]
[Round "6.7"]
[White "Klamet, Walter"]
[Black "Czarnetzki, Iori"]
[Result "0-1"]
[WhiteElo "1635"]
[BlackElo "1662"]
[PlyCount "110"]
[EventDate "2022.??.??"]
[WhiteTeam "SW Oberhausen 1"]
[BlackTeam "Bochumer SV 3"]

1. b4 Nf6 2. Bb2 g6 3. Nf3 Bg7 4. g3 O-O 5. Bg2 d5 6. d3 Qd6 7. a3 Nbd7 8. Nbd2
e5 9. O-O Re8 10. c4 c6 11. Qc2 b6 12. Rac1 Bb7 13. cxd5 Nxd5 14. Rfe1 Rac8 15.
Nc4 Qe7 16. Bh3 f6 17. Nfd2 Nc7 18. Ne4 Nb5 19. Qb3 Kh8 20. a4 f5 21. Ned2 Nd6
22. Nxd6 Qxd6 23. Bg2 Rc7 24. Nf3 h6 25. Nh4 Kh7 26. Qc3 Re7 27. Qc4 Nf6 28. d4
e4 29. e3 Bc8 30. Bh3 Be6 31. Qc3 Nd5 32. Qa3 Nxb4 33. Bf1 Red7 34. Bc4 Bxc4
35. Rxc4 c5 36. dxc5 bxc5 37. Bxg7 Kxg7 38. Ng2 Nd3 39. Rd1 Rc6 40. Qc3+ Qf6
41. Qxf6+ Kxf6 42. Nf4 g5 43. Nxd3 Rxd3 44. Rxd3 exd3 45. Kf1 Ke5 46. Ke1 Kd5
47. Rc3 c4 48. h3 Rb6 49. Ra3 Rb3 50. Ra2 c3 51. Ra1 c2 52. Rc1 Rb1 53. Kd2 Kc4
54. f3 Rxc1 55. Kxc1 Kc3 0-1

[Event "Bochumer SV 3 - SW Oberhausen 1"]
[Site "Verbandsklasse - Gruppe 3 202"]
[Date "2022.03.06"]
[Round "6.8"]
[White "Fresen, Hans-Juergen"]
[Black "Ciomperlik, Alessio Diego"]
[Result "1-0"]
[WhiteElo "1847"]
[BlackElo "1555"]
[PlyCount "87"]
[EventDate "2022.??.??"]
[WhiteTeam "Bochumer SV 3"]
[BlackTeam "SW Oberhausen 1"]

1. e4 e5 2. Nf3 Nc6 3. d4 exd4 4. c3 dxc3 5. Nxc3 d6 6. Bc4 Be6 7. Bxe6 fxe6 8.
Qb3 Qd7 9. Qxb7 Rb8 10. Qa6 Be7 11. O-O Nf6 12. Rd1 Rb6 13. Qe2 O-O 14. b3 Rbb8
15. Bb2 Nd8 16. Rac1 Nf7 17. Qa6 c6 18. e5 Nd5 19. exd6 Nxd6 20. Ne5 Rb6 21.
Qxb6 Nxb6 22. Nxd7 Nxd7 23. Ba3 c5 24. Rxd6 Bxd6 25. Rd1 Be5 26. Rxd7 Bxc3 27.
Bxc5 Rc8 28. Bxa7 Bb4 29. g3 Rc2 30. a4 Rb2 31. Rxg7+ Kxg7 32. Bd4+ Kf7 33.
Bxb2 Ke7 34. Kf1 Kd6 35. Ke2 Kd5 36. Kd3 e5 37. f3 h5 38. Bc3 Bd6 39. b4 Bc7
40. a5 Bd8 41. Bd2 Bc7 42. b5 Kc5 43. b6 Bb8 44. Ke4 1-0

[Event "Bochumer SV 3 - SW Oberhausen 1"]
[Site "Verbandsklasse - Gruppe 3 202"]
[Date "2022.03.06"]
[Round "6.2"]
[White "Hofer, Stefan"]
[Black "Kuckelkorn, Joerg"]
[Result "1-0"]
[WhiteElo "1828"]
[BlackElo "1861"]
[PlyCount "63"]
[EventDate "2022.??.??"]
[WhiteTeam "Bochumer SV 3"]
[BlackTeam "SW Oberhausen 1"]

1. e4 c5 2. Nf3 d6 3. d4 cxd4 4. Nxd4 a6 5. Nc3 Nf6 6. Bg5 e6 7. f4 Be7 8. Qf3
h6 9. Bh4 Qc7 10. O-O-O Nbd7 11. Qh3 Nc5 12. Bd3 Bd7 13. Rhe1 O-O-O 14. e5
Nxd3+ 15. Rxd3 dxe5 16. fxe5 Ng8 17. Ne4 g5 18. Bg3 h5 19. Nd6+ Kb8 20. Bf2 g4
21. Qg3 Bxd6 22. exd6 Qa5 23. Qe3 b6 24. Ra3 Qc5 25. Rxa6 Kb7 26. Ra3 Nf6 27.
Rc3 Qa5 28. Rc7+ Ka8 29. Nb3 Nd5 30. Nxa5 Nxe3 31. Rxe3 bxa5 32. Rb3 1-0

[Event "Bochumer SV 3 - SW Oberhausen 1"]
[Site "Verbandsklasse - Gruppe 3 202"]
[Date "2022.03.06"]
[Round "6.4"]
[White "Fraenkel, Karlheinz"]
[Black "Heintze, Sven"]
[Result "0-1"]
[WhiteElo "1831"]
[BlackElo "1743"]
[PlyCount "70"]
[EventDate "2022.??.??"]
[WhiteTeam "Bochumer SV 3"]
[BlackTeam "SW Oberhausen 1"]

1. e4 d6 2. d4 Nf6 3. Bd3 e5 4. c3 c6 5. Ne2 Be7 6. O-O O-O 7. f4 Qb6 8. h3 Re8
9. Kh2 Nbd7 10. Nd2 Bf8 11. Nc4 Qc7 12. dxe5 dxe5 13. fxe5 b5 14. Nd6 Bxd6 15.
exd6 Qxd6+ 16. Bf4 Qe7 17. Ng3 Ne5 18. Bc2 Rd8 19. Qe2 Ng6 20. Be3 Ng4+ 21. Kh1
Nxe3 22. Qxe3 Be6 23. Bb3 a5 24. Bxe6 Qxe6 25. b3 Rd7 26. Rad1 Rad8 27. Rxd7
Rxd7 28. Rf2 Qd6 29. Nf5 Qd3 30. Re2 c5 31. Qxc5 Qxe2 32. Qc8+ Nf8 33. Qe8 Qxa2
34. Ne7+ Rxe7 35. Qxe7 Qxb3 0-1

[Event "SC Buer-Hassel 1 - SC Gerthe - Werne 1"]
[Site "Verbandsliga - Gruppe 1 2021/"]
[Date "2022.03.20"]
[Round "7.2"]
[White "Hammerich, Simon"]
[Black "Brueggestraß, Volker"]
[Result "1/2-1/2"]
[WhiteElo "2075"]
[BlackElo "2006"]
[PlyCount "83"]
[EventDate "2022.??.??"]
[WhiteTeam "SC Buer-Hassel 1"]
[BlackTeam "SC Gerthe - Werne 1"]

1. e4 e5 2. Nf3 Nf6 3. d4 Nxe4 4. Bd3 d5 5. Nxe5 Nd7 6. Nc3 Nxc3 7. bxc3 Nxe5
8. dxe5 Be7 9. O-O O-O 10. f4 f5 11. Be3 Be6 12. Be2 Qd7 13. a4 c5 14. Qd2 Rfd8
15. Rfd1 Qc7 16. Bf3 Rd7 17. Be2 a6 18. a5 Rad8 19. Bf2 Kh8 20. Rdb1 d4 21. c4
d3 22. Bf3 Qc8 23. Ra4 dxc2 24. Qxc2 Rd2 25. Qc1 Qd7 26. Raa1 Rb8 27. Bd5 Rxd5
28. cxd5 Bxd5 29. Qd2 Qc6 30. Rb6 Qd7 31. Rd1 Rd8 32. Qc2 Qc8 33. h3 Be4 34.
Qc1 c4 35. Rxd8+ Bxd8 36. Rb4 Bd3 37. Bb6 Be7 38. Ra4 Qc6 39. Ra2 c3 40. Be3
Qc4 41. Ra1 h6 42. Kh2 1/2-1/2

[Event "SC Buer-Hassel 1 - SC Gerthe - Werne 1"]
[Site "Verbandsliga - Gruppe 1 2021/"]
[Date "2022.03.20"]
[Round "7.3"]
[White "Gottmann, Bernd"]
[Black "Wolff, Christoph"]
[Result "0-1"]
[WhiteElo "1965"]
[BlackElo "1978"]
[Annotator "daniel"]
[PlyCount "72"]
[EventDate "2022.??.??"]
[WhiteTeam "SC Gerthe - Werne 1"]
[BlackTeam "SC Buer-Hassel 1"]

1. d4 Nf6 2. c4 g6 3. Nc3 d5 4. cxd5 Nxd5 5. e4 Nxc3 6. bxc3 Bg7 7. Bg5 c5 8.
Rc1 O-O 9. Nf3 Qa5 10. Qd2 cxd4 11. cxd4 Qxd2+ 12. Kxd2 Nc6 13. Bb5 a6 14. Bxc6
bxc6 15. Rhe1 Re8 $11 16. Rxc6 Rb8 17. d5 Bd7 18. Rc7 Ba4 19. e5 Rb5 20. Bxe7
Rxd5+ 21. Kc1 Rb8 22. Bf6 Bf8 23. Be7 Bd7 24. Bxf8 Bf5 25. Nd2 Kxf8 26. f4 Ra5
27. g4 Bxg4 28. Nc4 Rxa2 29. Ne3 Ra1+ 30. Kd2 Rb2+ 31. Nc2 Raa2 32. Kc1 Bf5 33.
Re2 Rxc2+ 34. Rexc2 Rxc2+ 35. Rxc2 Bxc2 36. Kxc2 Ke7 0-1

[Event "SC Buer-Hassel 1 - SC Gerthe - Werne 1"]
[Site "Verbandsliga - Gruppe 1 2021/"]
[Date "2022.03.20"]
[Round "7.4"]
[White "Winzbeck, Frank"]
[Black "Loeffelbein, Klaus"]
[Result "0-1"]
[WhiteElo "1870"]
[BlackElo "1796"]
[Annotator "daniel"]
[PlyCount "112"]
[EventDate "2022.??.??"]
[WhiteTeam "SC Buer-Hassel 1"]
[BlackTeam "SC Gerthe - Werne 1"]

1. d4 Nf6 2. c4 e6 3. Nf3 b6 4. Bg5 Be7 5. Nc3 Bb7 6. e3 Ne4 7. Bf4 g5 8. Be5
Nxc3 9. bxc3 O-O 10. Bd3 f5 11. h3 d6 12. Bg3 Nd7 13. Qc2 Qe8 14. e4 f4 15. Bh2
Qh5 16. O-O-O Rad8 17. Nd2 e5 18. g4 Qe8 19. f3 Bf6 20. Bg1 Qe7 21. Bf2 Kh8 22.
Rh2 Rg8 23. h4 Rg7 24. Rdh1 Nb8 25. hxg5 Bxg5 26. Bh4 Nc6 27. Nb3 a5 $11 28. d5
Nb8 29. Bxg5 Qxg5 30. Rh6 Rdd7 31. R1h5 Qd8 32. Qh2 Qg8 33. Qh4 Rg6 34. Kc2 Na6
35. Nc1 Rdg7 36. Ne2 Rxh6 37. Rxh6 Qe8 38. Kd2 Nc5 39. Nc1 Ba6 40. Bf1 Qe7 41.
Qh5 Bc8 42. g5 Qf7 43. Qh4 Rg6 44. Ne2 Qg7 45. Bh3 Bxh3 46. Qxh3 Qd7 47. Qh5
Qg7 48. Ng1 Rxh6 49. gxh6 Qxg1 50. Qe8+ Qg8 51. Qe7 Qg2+ 52. Kc1 Nd3+ 53. Kd1
Qxf3+ 54. Kc2 Qe2+ 55. Kb3 Qb2+ 56. Ka4 Nc5# 0-1

[Event "SC Buer-Hassel 1 - SC Gerthe - Werne 1"]
[Site "Verbandsliga - Gruppe 1 2021/"]
[Date "2022.03.20"]
[Round "7.5"]
[White "Boost, Juergen"]
[Black "Gritzan, Ulrich"]
[Result "1/2-1/2"]
[WhiteElo "1807"]
[BlackElo "1851"]
[PlyCount "81"]
[EventDate "2022.??.??"]
[WhiteTeam "SC Gerthe - Werne 1"]
[BlackTeam "SC Buer-Hassel 1"]

1. e4 c5 2. Nf3 Nc6 3. d4 cxd4 4. Nxd4 Nf6 5. Nc3 e6 6. Be2 a6 7. O-O Be7 8.
Be3 O-O 9. Qd2 b5 10. Nxc6 dxc6 11. Qxd8 Rxd8 12. e5 Nd5 13. Nxd5 exd5 14. c3
Be6 15. f4 Bf5 16. b4 Rd7 17. a4 Rc8 18. axb5 axb5 19. Ra2 d4 20. cxd4 Bxb4 21.
Rc1 Rdc7 22. d5 cxd5 23. Rxc7 Rxc7 24. Ra8+ Rc8 25. Rxc8+ Bxc8 26. Bxb5 Bb7 27.
Bd4 g6 28. Kf2 Kf8 29. g4 Ke7 30. Kf3 Ke6 31. Bd3 Bc6 32. f5+ Kd7 33. h4 Ba4
34. Ke2 Kc6 35. h5 gxh5 36. gxh5 h6 37. Kf3 Bd1+ 38. Be2 Bc2 39. Be3 Bxf5 40.
Bxh6 d4 41. Bc4 1/2-1/2

[Event "SC Buer-Hassel 1 - SC Gerthe - Werne 1"]
[Site "Verbandsliga - Gruppe 1 2021/"]
[Date "2022.03.20"]
[Round "7.6"]
[White "Semina, Svetlana"]
[Black "Meise, Ulrich"]
[Result "1-0"]
[WhiteElo "2103"]
[BlackElo "1763"]
[PlyCount "77"]
[EventDate "2022.??.??"]
[WhiteTeam "SC Buer-Hassel 1"]
[BlackTeam "SC Gerthe - Werne 1"]

1. e4 e5 2. Nf3 Nf6 3. Nc3 d6 4. h3 Be7 5. d4 exd4 6. Nxd4 c5 7. Bb5+ Bd7 8.
Bxd7+ Qxd7 9. Nf5 O-O 10. O-O Nc6 11. Bg5 Rad8 12. Nxe7+ Qxe7 13. Nd5 Qe6 14.
Bxf6 gxf6 15. c3 Ne7 16. Qf3 Nxd5 17. exd5 Qe5 18. Rfe1 Qg5 19. Re4 Kh8 20.
Rae1 Rg8 21. Rf4 Rg6 22. h4 Qh6 23. h5 Rg5 24. Rxf6 Qxh5 25. Qxh5 Rxh5 26. Rxf7
Rxd5 27. Ree7 Rh5 28. Rxb7 d5 29. Rbd7 Re8 30. g3 a5 31. Kg2 Kg8 32. Rg7+ Kh8
33. g4 Rh6 34. Rgf7 Kg8 35. Rf5 Re4 36. f3 Re2+ 37. Kg3 Rxb2 38. Rfxd5 Rc6 39.
Ra7 1-0

[Event "SC Buer-Hassel 1 - SC Gerthe - Werne 1"]
[Site "Verbandsliga - Gruppe 1 2021/"]
[Date "2022.03.20"]
[Round "7.7"]
[White "Al Zoubi, Ahmad"]
[Black "Strohmann, Andreas"]
[Result "0-1"]
[WhiteElo "1713"]
[BlackElo "1831"]
[PlyCount "56"]
[EventDate "2022.??.??"]
[WhiteTeam "SC Gerthe - Werne 1"]
[BlackTeam "SC Buer-Hassel 1"]

1. e4 d5 2. exd5 Nf6 3. Nc3 Nxd5 4. Nxd5 Qxd5 5. d4 e5 6. Be3 exd4 7. Qxd4 Qxd4
8. Bxd4 Nc6 9. Be3 Nb4 10. Kd2 Bf5 11. Bd3 O-O-O 12. a3 Bxd3 13. cxd3 Nxd3 14.
Kc3 Be7 15. Bd4 Rxd4 16. Kxd4 Nxf2 17. Nh3 Nxh1 18. Rxh1 Bf6+ 19. Kc4 Bxb2 20.
Ng5 Bxa3 21. Ra1 Be7 22. Ne4 a6 23. Rf1 f6 24. Kd5 Kd7 25. g3 c6+ 26. Kd4 Rd8
27. Rb1 f5 28. Nc5+ Kc7+ 0-1

[Event "SC Buer-Hassel 1 - SC Gerthe - Werne 1"]
[Site "Verbandsliga - Gruppe 1 2021/"]
[Date "2022.03.20"]
[Round "7.8"]
[White "Reichardt, Markus"]
[Black "Ulrich, Robin"]
[Result "1-0"]
[WhiteElo "1713"]
[BlackElo "1565"]
[PlyCount "53"]
[EventDate "2022.??.??"]
[WhiteTeam "SC Buer-Hassel 1"]
[BlackTeam "SC Gerthe - Werne 1"]

1. e4 d5 2. exd5 Qxd5 3. Nc3 Qd8 4. d4 Nf6 5. Nf3 Bg4 6. Be2 c6 7. O-O e6 8.
Bg5 Nbd7 9. Re1 Be7 10. Qd2 O-O 11. h3 Bxf3 12. Bxf3 Nb6 13. Rad1 h6 14. Bf4
Bb4 15. a3 Nc4 16. Qc1 Nxa3 17. bxa3 Bxc3 18. Re3 Ba5 19. Rb3 Bb6 20. Bxh6 gxh6
21. Qxh6 Re8 22. Bxc6 Nh5 23. Bxe8 Qxe8 24. Qxh5 Kf8 25. d5 Ke7 26. dxe6 fxe6
27. Qg5+ 1-0